000 00359nam a2200133Ia 4500
008 230312s9999||||xx |||||||||||||| ||und||
020 _a0-7817-3012-0
082 _a610.3
_bSTE
245 0 _aStedman'S Concise:Medical Dictionary For The Health Professions
260 _bLippioncott
_aUSA
_c2001
300 _a204
650 _aMedical
_vdictionary
942 _cBK
999 _c11418
_d11418